[Event "28th WSCC Open 50 2018"]
[Site "Bled"]
[Date "2018.11.26"]
[Round "8"]
[White "Bischoff, Klaus"]
[Black "Haessel, Dale R."]
[Result "1/2-1/2"]
[WhiteElo "2507"]
[BlackElo "2155"]
[Annotator "TA"]
[PlyCount "43"]
[EventDate "2018.11.17"]
[EventType "swiss"]
[EventCountry "SLO"]
[SourceTitle "playchess.com"]
[Source "ChessBase"]
[SourceQuality "1"]

{[%evp 10,43,18,16,6,0,2,18,17,8,12,10,13,8,8,0,0,-8,0,-11,0,-8,-8,-17,-7,-8,-17,-63,-45,-52,-52,-42,-49,-50,-28,-33]} 1. Nf3 Nf6 2. c4 g6 3. Nc3 d5 4. cxd5 Nxd5 5. Qa4+ Nc6 6. Ne5 Qd6 {A16: English Opening: 1...Nf6 with ...d5} 7. Nxc6 Qxc6 8. Qxc6+ bxc6 {The position is equal.} 9. g3 (9. b3 Nxc3 10. Bb2 Bg7 11. Bxc3 Bxc3 12. dxc3 Be6 13. O-O-O a5 14. Kb2 {½-½ (44) Ni,H (2704)-Wei,Y (2734) Zaozhuang 2015}) 9... Bg7 10. Bg2 Be6 11. b3 O-O-O 12. Bb2 Nxc3 $1 13. Bxc3 Bxc3 14. dxc3 Rd6 $146 15. Rd1 Rhd8 {[%csl Gd8][%cal Rd6d1] [#]} 16. Rxd6 Rxd6 $11 {[%mdl 4096] Endgame KRB-KRB} 17. Be4 c5 18. Bd3 {[#]} c4 $1 {[%mdl 512]} 19. bxc4 Ra6 20. Kd2 Rxa2+ 21. Ke3 f6 22. h4 {Accuracy: White = 57%, Black = 79%.} 1/2-1/2

[Event "28th WSCC Open 50 2018"]
[Site "Bled"]
[Date "2018.11.26"]
[Round "8"]
[White "Danielsen, Henrik"]
[Black "Movsziszian, Karen"]
[Result "0-1"]
[WhiteElo "2504"]
[BlackElo "2513"]
[Annotator "TA"]
[PlyCount "126"]
[EventDate "2018.11.17"]
[EventType "swiss"]
[EventCountry "SLO"]
[SourceTitle "playchess.com"]
[Source "ChessBase"]
[SourceQuality "1"]

{[%evp 23,126,43,62,66,81,54,53,35,41,38,43,45,46,43,97,65,76,51,74,69,72,30,53,27,78,45,66,26,41,0,12,-20,-11,-20,0,-37,-37,-37,-45,-41,-31,-110,-29,-56,-27,-56,-55,-51,-29,-58,-36,-89,-8,-10,-1,-1,0,-3,-3,-8,-8,-60,-15,-33,-23,-39,-36,-86,-91,-122,-127,-112,-127,-119,-117,-184,-190,-182,-170,-225,-81,-95,-88,-254,-240,-623,-661,-643,-626,-498,-272,-256,-248,-29982,-29983,-29983,-29984,-29985,-29984,-29984,-29985,-29985,-29986,-29986,-29987]} 1. Nf3 Nf6 2. g3 g6 3. Bg2 Bg7 4. O-O O-O 5. c4 d6 6. d4 Nbd7 7. Nc3 e5 8. e4 a6 9. h3 b5 10. Qc2 {E68: King's Indian: Fianchetto: 6...Nbd7 7 0-0 e5 8 e4} (10. dxe5 dxe5 11. Qc2 bxc4 12. Be3 Qe7 13. Na4 a5 14. Nd2 Ba6 15. Nxc4 Bb5 16. Rfc1 Rfb8 17. b3 Bf8 18. Bd2 Qe6 19. Nxa5 {½-½ (44) Jumabayev,R (2614)-Ismagambetov,A (2545) Almaty 2017}) 10... Bb7 11. dxe5 dxe5 12. Rd1 Qb8 {LiveBook: 5 Games} 13. Be3 Re8 14. c5 $146 ({Predecessor:} 14. a4 c6 15. b4 Bf8 16. Qb3 a5 17. c5 axb4 {1-0 (55) Stangl,M (2457)-Borriss,M (2445) Germany 2002}) 14... c6 15. b4 a5 16. a3 Qc7 17. Bd2 Nf8 18. Ne2 Qe7 ({Black should play} 18... Ne6 $14) 19. Bc3 N6d7 20. Qb2 Ra6 21. h4 Rea8 22. Bh3 (22. bxa5 Nxc5 23. Qc2 (23. Nxe5 $2 Na4 $19) 23... Na4 $15) 22... Bc8 23. Kg2 f6 (23... Ne6 $11) 24. h5 Ne6 {[%cal Bf8e6,Be6d8,Bd8b7][%mdl 32]} 25. hxg6 hxg6 26. Qb3 Ndf8 27. Rd6 axb4 28. Bxb4 Qf7 $1 {And now ...Nf4+! would win.} 29. Rb1 Nd8 30. Qc2 Bxh3+ 31. Kxh3 Nb7 32. Rdd1 (32. Rd3 $1 $15) 32... Ne6 (32... Na5 $1 $17 33. Kg2 Nc4) 33. Nc1 Rd8 34. Rxd8+ Nbxd8 35. Kg2 Ra7 36. Nd3 Rd7 37. Nb2 (37. Bd2 $1 $15) 37... Nd4 (37... g5 $1 $17) 38. Nxd4 $11 Rxd4 39. Bc3 Rd7 40. a4 bxa4 41. Qxa4 Bf8 42. Ba5 (42. Nc4 $11) 42... Rd4 ({Much worse is} 42... Bxc5 $6 43. Bxd8 Rxd8 44. Qxc6 $14) 43. Qc2 Ne6 44. Bc3 Rd8 45. Nd3 Qd7 $1 $36 {[%cal Rd7d3][%mdl 2048] Black is in control.} 46. Qa2 Kg7 47. Nxe5 fxe5 48. Bxe5+ Kg8 49. Bd6 (49. Qc2 $17) 49... Qf7 $1 $19 50. Qa3 g5 51. Rb6 {[#]} (51. Rh1 $142) 51... Nd4 (51... g4 $1 $19 {and Black stays clearly on top. ...Ng5 is the strong threat.} 52. Bxf8 Rxf8) 52. Qe3 $17 Bg7 {Hoping for ...Re8.} ({Much weaker is} 52... Bxd6 $6 53. Qxg5+ Kh7 54. Qh4+ Kg6 55. Qg4+ Kh7 56. Rb1 $11) 53. Qxg5 $2 (53. Rb4 $17 Nc2 54. Qxg5) 53... Qf3+ $19 {[%mdl 64] Double Attack} 54. Kg1 $2 {[#]} (54. Kh3 Qh1+ 55. Kg4 Qd1+ 56. Kh3 Qh1+ {[%mdl 64] Double Attack} 57. Kg4 Qxe4+ 58. Kh3) 54... Ra8 $1 {[%cal Ra8a1] ( -> ...Ra1+)} 55. Rb8+ Rxb8 56. Bxb8 Qxe4 (56... Qf8 $142 {Strongly threatening ...Nf3+.} 57. Kg2 Qxb8) 57. Qd8+ Kf7 {White must now prevent ...Nf3+.} 58. Bd6 $2 (58. Kh2 $19) 58... Nf3+ {Black mates.} 59. Kg2 Nh4+ {[%mdl 64] Discovered Attack (Double check)} 60. Kf1 Qb1+ 61. Ke2 Qc2+ 62. Ke3 Qc3+ 63. Ke2 Qf3+ {Accuracy: White = 26%, Black = 49%.} 0-1

[Event "28th WSCC Open 50 2018"]
[Site "Bled"]
[Date "2018.11.26"]
[Round "8"]
[White "Prie, Eric"]
[Black "Chapman, Terry P D"]
[Result "1/2-1/2"]
[WhiteElo "2482"]
[BlackElo "2172"]
[Annotator "TA"]
[PlyCount "94"]
[EventDate "2018.11.17"]
[EventType "swiss"]
[EventCountry "SLO"]
[SourceTitle "playchess.com"]
[Source "ChessBase"]
[SourceQuality "1"]

{[%evp 10,94,43,4,14,-14,-12,-12,17,-80,-72,-108,-99,-100,-89,-85,-56,-74,-50,-37,-36,-45,-43,-39,-28,-31,-17,-21,-21,-156,-148,-158,-144,-150,-160,-285,-104,-104,-104,-96,-50,-188,-178,-159,-46,-39,-48,-108,-100,-93,-60,-97,-12,-24,-22,-14,-39,-21,0,-8,-8,-53,-45,-80,0,-83,-18,-76,0,0,0,0,0,0,0,0,0,0,0,0,0,0,0,0,0,0,0]} 1. d4 Nf6 2. Nf3 g6 3. Nc3 Bg7 4. Bf4 d6 5. e4 O-O 6. h3 Nc6 {[%cal Bb8c6,Bc6e7,Be7f5][%mdl 32] B08: Pirc Defence: Classical System} 7. d5 (7. Qd2 e5 8. dxe5 dxe5 9. Qxd8 Rxd8 10. Nxe5 Nxe5 11. Bxe5 Re8 12. Bxf6 Bxf6 13. f3 c6 14. O-O-O {0-1 (66) Belyakov,B (2511)-Smirin,I (2658) Minsk 2015}) 7... e5 8. Be3 ({Much weaker is} 8. dxc6 exf4 9. Qd2 bxc6 $17) 8... Ne7 9. g4 $146 (9. Qd2 $11 {remains equal.}) ({Predecessor:} 9. Qd2 Bd7 10. a4 c6 11. Bc4 cxd5 12. Bxd5 Nfxd5 13. Nxd5 Nxd5 14. exd5 {0-1 (41) Finnlaugsson,G (2062)-Balashov,Y (2450) Kaunas 2012}) 9... c6 $1 $17 10. g5 Nh5 11. Qd2 cxd5 $1 12. exd5 Nf5 13. O-O-O Bd7 14. Kb1 a6 15. h4 Rc8 16. Bh3 Nf4 17. Bxf4 exf4 18. Ne4 $1 Rc4 $36 {[%mdl 2048] Black is more active.} 19. Rhe1 (19. Qd3 $11 Ra4 20. Rhe1) 19... Nd4 $1 {[%cal Rd4f3]} 20. Qd3 Nxc2 ({Inferior is} 20... Bxh3 21. Nxd4 Rxd4 22. Qxh3 $14) 21. Bxd7 Nxe1 22. Rxe1 (22. Qxc4 $17 Nxf3 23. Bg4) 22... Rxe4 $2 (22... Rb4 $19 {has better winning chances.} 23. Bg4 Rxb2+ 24. Kc1 Rxa2) 23. Rxe4 {Threatens to win with Bg4.} Qxd7 24. Rxf4 Qc7 25. h5 (25. Rc4 $15 Qd7 26. Rc2) 25... Rc8 $19 {[%csl Gc8][%cal Rc7c1]} ({Resist} 25... gxh5 26. Rc4 $17) 26. Qd2 h6 ({Better is} 26... gxh5 $17 27. Re4 Qd7) 27. hxg6 $1 $15 fxg6 28. Re4 {[#]} (28. a3 $15) 28... Qf7 $1 $17 {[%cal Rf7f3]} 29. Rf4 Qe7 30. a3 Rf8 (30... Rc5 $17 31. Qd3 hxg5) 31. gxh6 Bxh6 32. Rxf8+ Qxf8 33. Qd3 Kh7 34. Ka2 Qf4 35. Qe2 Bg7 36. Qd3 Kh6 (36... Bf6 $17 37. Nd2 Qxf2 38. Qh3+ Kg7 39. Qd7+ Kh6 40. Qh3+ Qh4 41. Qe3+ Kg7) 37. Qe2 (37. Nd2 $1 $11 Be5 38. Qh3+ Kg7 39. Qd7+ Kf6 40. Qd8+ Kg7 41. Qd7+ Kf6 42. Qd8+ Kg7 43. Qd7+) 37... g5 (37... Bf6 $17) 38. Qe6+ {[#]} (38. Nh2 $1 $11) 38... Bf6 (38... Kh5 $1 $17 39. Qe2 g4) 39. Nh2 $1 $11 {The position is equal.} Qc4+ 40. Kb1 Qd3+ 41. Ka2 Qc4+ 42. Kb1 Qd4 {[%csl Gf6][%cal Rd4b2]} 43. Ng4+ Kg6 {[%csl Gf6][%cal Rd4b2]} 44. Qe8+ Kg7 {[%csl Gf6][%cal Rd4b2]} 45. Qd7+ Kg6 {[%csl Gf6][%cal Rd4b2]} 46. Qe8+ Kg7 {[%csl Gf6][%cal Rd4b2]} 47. Qd7+ Kg6 {Accuracy: White = 40%, Black = 49%.} 1/2-1/2

[Event "28th WSCC Open 50 2018"]
[Site "Bled"]
[Date "2018.11.26"]
[Round "8"]
[White "Arkell, Keith C"]
[Black "Arakhamia-Grant, Ketevan"]
[Result "1-0"]
[WhiteElo "2443"]
[BlackElo "2373"]
[Annotator "TA"]
[PlyCount "69"]
[EventDate "2018.11.17"]
[EventType "swiss"]
[EventCountry "SLO"]
[SourceTitle "playchess.com"]
[Source "ChessBase"]
[SourceQuality "1"]

{[%evp 18,69,31,12,23,0,9,-19,-12,-43,-34,-27,-24,-58,-22,-17,-12,-27,-19,-25,0,0,0,13,25,25,43,35,62,50,60,55,39,0,0,0,87,89,483,489,487,488,560,560,560,560,560,560,1114,1148,1119,1104,1006,986]} 1. Nf3 c5 2. c4 Nc6 3. Nc3 g6 4. g3 Bg7 5. Bg2 d6 6. O-O Nh6 7. a3 O-O 8. Rb1 a5 9. d3 Nf5 10. e3 {LiveBook: 3 Games} e6 {A37: Symmetrical English vs ...g6: 4 Bg2 Bg7 5 Nf3} 11. Ne1 Nfe7 12. Na4 $146 ({Predecessor:} 12. Nc2 d5 13. Na4 b6 14. b3 Ra7 15. Bb2 d4 16. exd4 cxd4 17. Bc1 Bb7 18. Bg5 {0-1 (35) Foisor,C (2400)-Djuric,S (2480) Formia 1994}) 12... Rb8 {The position is equal.} 13. Bd2 b5 14. cxb5 Rxb5 15. Qc2 Ba6 16. Nf3 Qb8 17. Bc3 e5 18. Rfd1 Rc8 19. Be1 Rb3 20. Nc3 {[#]} Nd4 $1 {[%mdl 512]} 21. exd4 cxd4 22. Nd2 Rb6 23. Nc4 $1 {[%cal Rc4b6]} Bxc4 24. dxc4 {Strongly threatening Nd5.} dxc3 25. Bxc3 Rxc4 26. Qd3 $36 {[%mdl 2048] White fights for an advantage.} Rc5 (26... Ra4 $11) 27. b4 $16 e4 $2 {[%mdl 8192]} (27... axb4 $16 {is a better chance.} 28. Bxb4 Rcb5) 28. bxc5 $18 {[%mdl 64] Discovered Attack. White is clearly winning.} exd3 29. Rxb6 Qc8 30. cxd6 Bxc3 31. dxe7 Qe8 32. Rb7 d2 {[#]} 33. Bc6 $1 {[%mdl 576] Deflection, Promotion} Qxc6 34. Rb8+ Kg7 35. e8=Q {Accuracy: White = 50%, Black = 42%.} 1-0

[Event "28th WSCC Open 50 2018"]
[Site "Bled"]
[Date "2018.11.26"]
[Round "8"]
[White "Bagaturov, Giorgi"]
[Black "Kalegin, Evgenij"]
[Result "1/2-1/2"]
[WhiteElo "2417"]
[BlackElo "2413"]
[Annotator "TA"]
[PlyCount "73"]
[EventDate "2018.11.17"]
[EventType "swiss"]
[EventCountry "SLO"]
[SourceTitle "playchess.com"]
[Source "ChessBase"]
[SourceQuality "1"]

{[%evp 9,73,23,44,35,44,33,39,53,45,17,21,20,6,9,19,20,13,18,41,54,48,-20,41,27,53,39,49,48,48,32,31,30,42,6,70,68,73,56,56,54,68,62,58,58,87,90,83,71,68,46,70,70,85,38,103,48,58,4,3,0,14,7,14,14,14,15]} 1. d4 Nf6 2. c4 d6 3. Nf3 g6 4. g3 Bg7 5. Bg2 Bf5 (5... O-O 6. O-O c6 7. Nc3 Bf5 8. Nd2 e5 9. d5 Qc8 10. e4 Bg4 11. f3 Bd7 12. Nb3 a5 13. a4 Na6 14. Be3 Nb4 15. Rf2 Qd8 16. dxc6 Bxc6 {0-1 (40) Ding,L (2791)-Caruana,F (2822) Stavanger 2018}) 6. O-O {E60: King's Indian: Unusual lines and Fianchetto Variation without Nc3} Qc8 7. Nc3 Ne4 8. Nd5 {White is slightly better.} c6 9. Ne3 $146 (9. Nf4 {feels hotter.} e5 10. dxe5 dxe5 11. Nd3 Nd7 12. Nh4) ({Predecessor:} 9. Nf4 h5 10. Nh4 e5 11. Nxf5 gxf5 12. dxe5 dxe5 {0-1 (26) Zifroni,D (2501)-Fontaine,R (2562) Kemer 2007}) 9... Bh3 10. Qd3 Bxg2 11. Nxg2 Nf6 12. e4 {[%cal Be2e4,Be4e5][%mdl 32]} O-O 13. e5 Ne8 14. Bg5 Qd7 15. Qa3 (15. Rad1 $14) 15... Na6 (15... c5 $11) 16. Rfe1 {And now exd6 would win.} f6 17. Bf4 Nac7 18. exd6 exd6 19. Re2 Rf7 20. Rae1 Bf8 21. Qb3 Rb8 (21... g5 $11) 22. d5 $36 {[%mdl 2048] White has good play.} c5 23. a4 Ng7 24. Bd2 Re7 25. Nf4 Rxe2 26. Rxe2 g5 27. Ng2 Re8 28. Rxe8 Ncxe8 29. h4 h6 30. Ne3 Nf5 31. a5 Neg7 ({Better is} 31... Nxe3 $14 32. Qxe3 Qe7) 32. Ng4 (32. Ng2 $16) 32... Ne8 33. Qd3 (33. Ngh2 $14) 33... gxh4 $11 {The position is equal.} 34. gxh4 Nxh4 35. Nxf6+ Nxf6 36. Nxh4 Qg4+ 37. Qg3 {Accuracy: White = 52%, Black = 57%.} 1/2-1/2

[Event "28th WSCC Open 50 2018"]
[Site "Bled"]
[Date "2018.11.26"]
[Round "8"]
[White "Porper, Edward"]
[Black "Plotkin, Victor"]
[Result "1-0"]
[WhiteElo "2377"]
[BlackElo "2307"]
[Annotator "TA"]
[PlyCount "85"]
[EventDate "2018.11.17"]
[EventType "swiss"]
[EventCountry "SLO"]
[SourceTitle "playchess.com"]
[Source "ChessBase"]
[SourceQuality "1"]

{[%evp 20,85,24,0,8,0,12,0,12,-25,39,37,30,35,37,12,36,25,28,26,24,34,69,1,125,103,171,160,284,277,329,329,270,248,296,294,287,302,305,314,306,279,294,293,502,491,561,542,570,572,534,532,29970,29973,29972,29974,29974,29973,29976,29976,29979,29980,29980,29981,29981,29982,29982,29982]} 1. d4 Nf6 2. c4 e6 3. Nf3 d5 4. Nc3 c6 5. Bg5 Nbd7 6. e3 Qa5 7. Nd2 dxc4 8. Bxf6 Nxf6 9. Nxc4 Qc7 10. Be2 Be7 11. a3 {LiveBook: 12 Games. D52: Queen's Gambit Declined: Cambridge Springs Variation} (11. O-O O-O 12. Bf3 Rd8 13. Qe2 Bd7 14. Rac1 Be8 15. Rfd1 Rac8 16. a3 c5 17. Ne5 Qb8 18. g3 h6 {½-½ (57) Ponkratov,P (2605)-Grachev,B (2683) Khanty-Mansiysk 2013}) 11... O-O 12. O-O b6 13. b4 {The position is equal.} Bb7 14. Bf3 Rac8 (14... a5 $11) 15. Qb3 $14 Nd5 $146 ({Predecessor:} 15... Bd6 16. h3 e5 17. Rfd1 exd4 18. Rxd4 Rcd8 {1-0 (43) Menyhart,T (2215)-Pal,F Debrecen 1994}) 16. Ne4 f5 17. Ned2 c5 18. dxc5 bxc5 19. b5 g5 20. g3 Kg7 21. a4 (21. Bg2 $14) 21... h5 {[#]} (21... g4 $11 {keeps the balance.} 22. Bh1 Bf6) 22. a5 $1 $36 {[%cal Ba4a5,Ba5b6][%mdl 2080] White is in control.} ({Much worse is} 22. Bxh5 $6 Bf6 $11) 22... h4 (22... g4 $16) 23. b6 $18 axb6 (23... Qb8 $16) 24. axb6 Qb8 25. Ra7 Rf7 26. Na5 Bf6 27. Nxb7 Rxb7 28. Bxd5 exd5 29. Qxd5 {[%mdl 64] Double Attack} Rxa7 30. bxa7 Qxa7 {Hoping for ...Rd8.} 31. Qxf5 Rc6 $2 (31... Re8 32. gxh4 Re5) 32. Ne4 {aiming for Rd1.} Qe7 33. Rd1 Re6 34. Nxf6 Qxf6 {[%mdl 4096] Endgame KQR-KQR} 35. Rd7+ Re7 {[#]} 36. Qxf6+ $1 {White mates.} Kxf6 37. Rxe7 Kxe7 38. gxh4 gxh4 {K3P-KPP} 39. Kf1 h3 40. e4 {[%cal Be3e4,Be4e5][%mdl 32]} Kd6 41. f4 c4 42. Ke2 Kc5 43. e5 {Accuracy: White = 70%, Black = 22%.} 1-0

[Event "28th WSCC Open 50 2018"]
[Site "Bled"]
[Date "2018.11.26"]
[Round "8"]
[White "Berend, Fred"]
[Black "Soffer, Ram"]
[Result "1-0"]
[WhiteElo "2369"]
[BlackElo "2472"]
[Annotator "TA"]
[PlyCount "86"]
[EventDate "2018.11.17"]
[EventType "swiss"]
[EventCountry "SLO"]
[SourceTitle "playchess.com"]
[Source "ChessBase"]
[SourceQuality "1"]

{[%evp 21,86,0,14,18,21,31,30,16,97,92,86,81,110,94,120,92,108,52,66,46,119,102,116,112,179,113,214,65,71,64,43,54,66,64,59,46,59,57,56,52,102,82,155,151,255,254,250,259,250,189,188,179,262,268,353,368,398,401,477,461,503,493,543,531,630,627,555]} 1. e4 c5 2. Nf3 e6 3. d4 cxd4 4. Nxd4 Nc6 5. Nc3 Qc7 6. Be3 a6 7. Qd2 Nf6 8. f4 {B48: Sicilian: Taimanov: 5 Nc3 Qc7 6 Be3 a6 without Be2} Bb4 9. Bd3 O-O 10. a3 Be7 11. e5 Ng4 {LiveBook: 4 Games} 12. Bg1 f6 $146 ({Predecessor:} 12... f5 13. O-O-O b5 14. h3 Nh6 15. g4 Bb7 {0-1 (43) Leon Hoyos,M (2517)-Perunovic,M (2602) Tromsoe 2014}) 13. Nxc6 bxc6 14. Qe2 f5 (14... Nh6 $1 $11 {keeps the balance.}) 15. h3 Nh6 16. Be3 c5 17. O-O-O $36 {[%mdl 2048] Keeping Black busy.} Bb7 18. Bc4 Bc6 19. b3 (19. Rhf1 $16) 19... Nf7 20. Rhg1 Nxe5 ({Better is} 20... Kh8 $14) 21. fxe5 $16 Qxe5 22. Bd2 Qf6 (22... Qxe2 $16 23. Bxe2 (23. Nxe2 d5 $14) 23... c4) 23. Rge1 (23. Bxa6 c4 $11) (23. Rde1 $1 $18) 23... Be4 {[#]} (23... f4 $16 {keeps fighting.}) 24. Qf1 ({Weaker is} 24. Bxa6 d5 $14) ({White should try} 24. g4 $1 $18) 24... d5 $14 25. Rxe4 fxe4 26. Qxf6 gxf6 {[#]} 27. Nxd5 $1 {[%mdl 512]} exd5 28. Bxd5+ {[%mdl 64] Double Attack} Kg7 29. Bxa8 Rxa8 {[%mdl 4096] Endgame KRB-KRB} 30. Be3 c4 31. Rd7 ({Reject} 31. bxc4 $6 Bxa3+ 32. Kb1 Rc8 $11) 31... Kf8 (31... Kf7 $142) 32. b4 $16 ({Don't play} 32. bxc4 $6 Bxa3+ 33. Kd2 Be7 $14) 32... Rc8 (32... h5 $16 33. Kb2 Ke8) 33. Kb2 $18 Ke8 34. Rd5 Kf7 35. g4 Ke6 {[#]} 36. Ra5 $1 Rc6 (36... Bd6 {is a better defense.} 37. Rxa6 Kd5 38. Ra5+ Ke6) 37. Kc3 Bd6 38. Kd4 Bc7 39. Rh5 Be5+ 40. Kxe4 {White is clearly winning.} Rc7 41. Bd4 Bxd4 42. Kxd4 Rd7+ 43. Kxc4 Rd2 {Accuracy: White = 72%, Black = 31%.} 1-0

[Event "28th WSCC Open 50 2018"]
[Site "Bled"]
[Date "2018.11.26"]
[Round "8"]
[White "Cummings, David H."]
[Black "Van der Werf, Mark"]
[Result "1/2-1/2"]
[WhiteElo "2331"]
[BlackElo "2402"]
[Annotator "TA"]
[PlyCount "69"]
[EventDate "2018.11.17"]
[EventType "swiss"]
[EventCountry "SLO"]
[SourceTitle "playchess.com"]
[Source "ChessBase"]
[SourceQuality "1"]

{[%evp 12,69,25,17,18,40,18,17,5,7,17,14,10,9,2,0,50,54,53,50,47,54,54,54,54,54,54,54,54,54,54,54,54,54,79,83,83,87,90,0,0,0,0,0,0,0,16,0,0,0,0,0,0,0,0,0,0,0,0,0]} 1. c4 e5 2. Nc3 Nf6 3. Nf3 Nc6 4. e3 Bb4 5. Qc2 d6 6. Ne2 {A28: English Opening: Four Knights Variation} a5 7. a3 {LiveBook: 3 Games} Bc5 8. b3 e4 $146 ({Predecessor:} 8... O-O 9. Ng3 Re8 10. Bb2 Ba7 11. Be2 h6 12. O-O Be6 13. Bc3 Ne7 {1-0 (63) Karjakin,S (2760)-Vidit,S (2715) Riadh 2017}) 9. Ng5 Qe7 {...Qe5 is the strong threat.} 10. Nc3 {[%cal Rg5e4]} Bf5 $1 11. Bb2 h6 12. Nd5 Nxd5 13. cxd5 Qxg5 (13... Nb8 {is more complex.} 14. Nh3 O-O 15. Nf4 Nd7 16. Be2 Bb6) 14. dxc6 bxc6 {[#]} 15. b4 $1 {[%mdl 512]} axb4 16. axb4 Rxa1+ 17. Bxa1 Bb6 18. Qxc6+ Ke7 19. h4 Qg4 20. Rh3 $1 Bd7 21. Rg3 Qxh4 22. Qc3 Rg8 23. Rxg7 Rxg7 24. Qxg7 Be6 {[#]} 25. g3 (25. Qh8 $1 $16) 25... Qh1 $36 {[%mdl 2048] Hoping for ...Bh3.The position is equal. Black is more active.} 26. Qf6+ $1 Ke8 {White must now prevent ...Bc4.} 27. Qh4 Qxh4 28. gxh4 {[%mdl 4096] Endgame KBB-KBB} f5 29. Bg7 h5 $1 30. Be2 Bf7 $1 31. b5 Kd7 32. Bf6 d5 33. d4 c6 34. bxc6+ Kxc6 35. Kf1 {Accuracy: White = 76%, Black = 74%.} 1/2-1/2

[Event "28th WSCC Open 50 2018"]
[Site "Bled"]
[Date "2018.11.26"]
[Round "8"]
[White "Metz, Hartmut"]
[Black "Koehler, Gerhard"]
[Result "0-1"]
[WhiteElo "2296"]
[BlackElo "2197"]
[Annotator "TA"]
[PlyCount "146"]
[EventDate "2018.11.17"]
[EventType "swiss"]
[EventCountry "SLO"]
[SourceTitle "playchess.com"]
[Source "ChessBase"]
[SourceQuality "1"]

{[%evp 19,146,38,43,0,55,-27,-18,-59,-46,-53,-57,-54,-52,-58,-31,-68,-81,-70,-69,-82,-50,-55,-55,-108,-60,-98,-83,-69,-56,-84,-84,-84,-84,-84,-84,-84,-84,-89,-60,-83,-83,-83,-83,-83,-70,-79,-81,-88,-83,-93,-90,-92,-71,-104,-100,-121,-116,-165,-171,-172,-170,-559,-547,-1541,-1525,-1025,-638,-638,-631,-556,-137,-137,-125,-184,-184,-184,-184,-184,-169,-169,-137,-150,-137,-169,-164,-156,-149,-183,-197,-195,-194,-215,-197,-189,-187,-229,-222,-215,-220,-214,-209,-201,-203,-640,-630,-634,-585,-620,-614,-602,-600,-568,-566,-541,-515,-489,-232,-227,-201,-339,-321,-231,-159,-29987,-29988,-29988,-29989,-29989,-29984]} 1. e4 c5 2. Nf3 e6 3. d4 cxd4 4. Nxd4 a6 5. Nc3 Qc7 6. f4 d6 7. Be2 Nf6 8. Bf3 Be7 9. O-O Nc6 {B84: Sicilian Scheveningen: 6 Be2 a6, lines without early Be3} (9... O-O 10. Be3 Nc6 11. Qd2 Nxd4 12. Bxd4 e5 13. Be3 b5 14. f5 Bb7 15. a3 Rac8 16. Bg5 h6 17. Bxf6 Bxf6 18. Kh1 Rfd8 19. Rf2 {1-0 (41) Palchun,G (2443)-Levin,E (2543) St Petersburg 2018}) 10. Nxc6 bxc6 {LiveBook: 3 Games} 11. e5 Nd5 ({Better is} 11... dxe5 $11 12. fxe5 Nd7) 12. Nxd5 (12. exd6 $14 Bxd6 13. Ne4) 12... cxd5 $11 13. Re1 $146 ({Predecessor:} 13. c4 Qxc4 14. b3 Qc5+ 15. Kh1 O-O 16. Bb2 dxe5 17. fxe5 {0-1 (40) Mangazeev,V (1507)-Jovanovic,P (1650) Canberra 1999}) 13... O-O 14. b3 dxe5 15. fxe5 Rb8 16. Bb2 Rd8 17. Qd2 Bb4 18. c3 Be7 19. Kh1 Bd7 {[%cal Bc8d7,Bd7b5,Bb5c6,Bc6d5][%mdl 32]} 20. Rac1 Qa5 21. b4 (21. Ra1 $15) 21... Qc7 22. Bd1 h6 23. Bc2 Bb5 {Threatens to win with ...Bg5.} 24. Rcd1 {[#]} d4 $1 {[%mdl 512]} 25. cxd4 Bxb4 $1 26. Qxb4 {Strongly threatening Qd2.} Qxc2 27. Rd2 Qg6 28. Qb3 Bc6 29. Qg3 Qxg3 30. hxg3 Rb5 31. Ba3 Rdb8 32. Kg1 Bd5 33. Bd6 R8b7 34. Rc1 Rb2 35. Rcc2 Rb1+ 36. Kf2 Ra1 37. a3 Rbb1 38. Rb2 Rf1+ 39. Ke3 Bc4 {Hoping for ...Rae1+.} 40. Rf2 $2 (40. d5 {is tougher.}) 40... Rae1+ $19 41. Kf4 g5+ 42. Kg4 Kg7 43. Rxf1 Rxf1 {[%mdl 4096] Endgame KRB-KRB} 44. Kh3 h5 $2 (44... Rh1+ $1 $19 45. Kg4 Bd5) 45. Kh2 $17 Bd5 46. Be7 (46. Bb4 $17) 46... Kg6 $19 47. Rb8 g4 $1 {aiming for ...Rf2.} 48. Rb2 Kf5 49. Re2 Be4 50. Rd2 Bc6 51. Re2 Bb5 52. Rd2 Ke4 53. Bc5 Ke3 54. Ra2 Kd3 $1 55. Bb4 Kxd4 56. Bd6 a5 57. Rc2 Bc4 58. Bc7 Kd3 59. Rb2 Kc3 60. Rb8 a4 61. Rb4 $2 (61. Ba5+ Kc2 62. Rb4) 61... Ra1 62. Rxa4 Bd5 63. Ba5+ {[#]} Kd3 $1 64. Bb6 {[#]} Ra2 $1 {[%cal Ra2g2]} 65. Rd4+ Kc3 66. Kh1 Bxg2+ 67. Kg1 Bd5 (67... Bf3 $142 68. Rd7 Rg2+ 69. Kf1 Rxg3 70. Ba5+ Kc4) 68. Kf1 Rxa3 {White must now prevent ...Rb3.} 69. Rf4 (69. Ke2 {was necessary.}) 69... Kd2 70. Kf2 Rb3 71. Be3+ $2 (71. Bd8 $17) 71... Rxe3 {Black mates.} 72. Rd4+ Rd3 73. Rf4 Ra3 {Accuracy: White = 38%, Black = 70%.} 0-1